Василий Алексеевич Малышев (Запись № 1089430)

Подробности
000 -МАРКЕР
контрольное поле 02057nam0a2200373 4500
001 - ИДЕНТИФИКАТОР ЗАПИСИ
контрольное поле RU\NLR\bibl\494334
005 - ИДЕНТИФИКАТОР ВЕРСИИ
контрольное поле 20260525094633.0
010 ## - МЕЖДУНАРОДНЫЙ СТАНДАРТНЫЙ НОМЕР КНИГИ (ISBN)
Номер (ISBN) 5-94500-011-6
Тираж 500
035 ## - ДРУГИЕ СИСТЕМНЫЕ НОМЕРА
Идентификатор записи (NLR Aleph) 000486979
100 ## - ДАННЫЕ ОБЩЕЙ ОБРАБОТКИ
Данные общей обработки 20040226d2002 u y0rusy50 ca
101 0# - ЯЗЫК РЕСУРСА
Язык текста, звукозаписи и т.д. русский
102 ## - СТРАНА ПУБЛИКАЦИИ ИЛИ ПРОИЗВОДСТВА
Страна публикации Российская Федерация
105 ## - ПОЛЕ КОДИРОВАННЫХ ДАННЫХ: ТЕКСТОВЫЕ МАТЕРИАЛЫ, МОНОГРАФИЧЕСКИЕ
Кодированные данные о монографическом текстовом документе ach |||||||||
200 1# - ЗАГЛАВИЕ И СВЕДЕНИЯ ОБ ОТВЕТСТВЕННОСТИ
Основное заглавие Василий Алексеевич Малышев
Параллельное заглавие Vasilij Alekseevich Malyshev
Первые сведения об ответственности А.К. Иорданишвили, К.А. Вураки, А.А. Несмеянов
Язык параллельного заглавия английский
210 ## - ПУБЛИКАЦИЯ, РАСПРОСТРАНЕНИЕ И ДР.
Место издания, распространения и т.д. СПб.
Имя издателя, распространителя и т. д. Нордмед Плюс
Дата издания, распространения и т.д. 2002
215 ## - ФИЗИЧЕСКАЯ ХАРАКТЕРИСТИКА
Специфическое обозначение материала и объем 59 с.
Другие сведения о физической характеристике ил., портр., факс.
Размеры 20
225 1# - СЕРИЯ
Основное заглавие серии Светила отечественной стоматологии
300 ## - ОБЩИЕ ПРИМЕЧАНИЯ
Текст примечания Авт. также на англ. яз.: A.K. Yordanishvili, K.A. Vuraki, A.A. Nesmejanov
300 ## - ОБЩИЕ ПРИМЕЧАНИЯ
Текст примечания На с. 6 авт.: А.К. Иорданишвили, д.м.н., проф., К.А. Вураки, акад. МАИ, РаМТН, МАНЭБ, РАЕН и Amer. ref. acad.'s (ARA) college of intern. relations, проф., д.м.н., лауреат премии им. Чижевского и "Звезды Вернадского", А.А. Несмеянов, д.м.н., проф., акад. РАЕН
320 ## - ПРИМЕЧАНИЯ О НАЛИЧИИ В ДОКУМЕНТЕ БИБЛИОГРАФИИ / УКАЗАТЕЛЯ
Текст примечания Библиогр. указ. осн. науч. и учеб.-метод. работ проф. В.А. Малышева и лит. о нем: с. 44-46
600 #1 - ИМЯ ЛИЦА КАК ПРЕДМЕТ
Начальный элемент ввода Малышев
Часть имени, кроме начального элемента ввода В. А.
Даты 1922 - 2006
Расширение инициалов личного имени Василий Алексеевич
Системный номер авторитетной/нормативной записи 2320964
Идентификатор авторитетной/нормативной записи RU\NLR\auth\661388522
600 #1 - ИМЯ ЛИЦА КАК ПРЕДМЕТ
Начальный элемент ввода Малышев
Часть имени, кроме начального элемента ввода В. А.
Даты 1922-
Расширение инициалов личного имени Василий Алексеевич
Код системы psbo
686 ## - ИНДЕКСЫ ДРУГИХ КЛАССИФИКАЦИЙ
Индекс Р.г(2)7д Малышев
686 ## - ИНДЕКСЫ ДРУГИХ КЛАССИФИКАЦИЙ
Индекс Р665.83
700 #1 - ИМЯ ЛИЦА - ПЕРВИЧНАЯ ОТВЕТСТВЕННОСТЬ
Начальный элемент ввода Иорданишвили
Часть имени, кроме начального элемента ввода А. К.
Код отношения Автор
701 #1 - ИМЯ ЛИЦА - АЛЬТЕРНАТИВНАЯ ОТВЕТСТВЕННОСТЬ
Начальный элемент ввода Вураки
Часть имени, кроме начального элемента ввода К. А.
Код отношения Автор
701 #1 - ИМЯ ЛИЦА - АЛЬТЕРНАТИВНАЯ ОТВЕТСТВЕННОСТЬ
Код отношения Автор
Графика поля Кириллица
Материалы, к которым относится поле rus
Начальный элемент ввода Несмеянов
Часть имени, кроме начального элемента ввода А. А.
Даты 1945-
Расширение инициалов личного имени Анатолий Александрович
Системный номер авторитетной/нормативной записи 2710409
Идентификатор авторитетной/нормативной записи RU\NLR\AUTH\770294029
801 #0 - ИСТОЧНИК ЗАПИСИ
Страна Российская Федерация
Организация NLR
Дата составления 20040226
Правила каталогизации PSBO
801 #1 - ИСТОЧНИК ЗАПИСИ
Страна Российская Федерация
Организация NLR
Дата составления 20040226
942 ## - ДОПОЛНИТЕЛЬНЫЕ ЭЛЕМЕНТЫ ЗАПИСИ (АБИС)
Тип экземпляра АБИС Книга
980 ## - КОЛЛЕКЦИЯ
Название коллекции Национальная библиография
Экземпляры
Тип экземпляра Дата поступления Источник поступления Библиотека постоянного хранения Библиотека текущего хранения Место хранения Шифр хранения Штрих-код Статус экземпляра
Книга 26.02.2004 Контрольный экземпляр из типографии РНБ (Московский) РНБ (Московский) Русский книжный фонд: издания с 1957 года 2004-4/4096 642155  
Книга 26.02.2006 Дар РНБ (Московский) РНБ (Московский) Русский книжный фонд: издания с 1957 года 2004-4/4096 2122414